01579 2200673 4500001002100000008004100021035002000062245012300082100002000205700003100225260004200256300002700298020002200325084001600347082001000363650002800373990001200401990001200413990001200425990001200437990001200449990001200461990001200473990001200485990001200497990001200509990001200521990001200533990001200545990001200557990001200569990001200581990001200593990001200605990001200617990001200629990001200641990001200653990001200665990001200677990001200689990001200701990001200713990001200725990001200737990001200749990001200761990001200773990001200785990001200797990001200809990001200821990001200833990001200845990001200857990001200869990001200881990001200893INLIS000000000015880 Ind  a0010-0323000328 aMahfudzatb22 Peribahasa Arab untuk KeseharianmucDian Kristiani, Aan Wulandari; penyunting, Dian Rakhmawati Sumarsana aDIAN, Kristiani aDIAN, Rakhmawati Sumarsana aJakarta :bBhuana Ilmu Populer,c2019 a179 hal.: ilus.c24 cm a978-602-483-300-8 a741.5 DIA m a741.5 aKOMIK-PENDIDIKAN ISLAMI a10731 a a10731 b a10731 c a10731 d a10731 e a10731 f a10731 f a10731 a a10731 b a10731 c a10731 d a10731 e a10731 e a10731 a a10731 b a10731 c a10731 d a10731 f a10731 d a10731 a a10731 b a10731 c a10731 e a10731 f a10731 c a10731 a a10731 b a10731 d a10731 e a10731 f a10731 b a10731 a a10731 c a10731 d a10731 e a10731 f a10731 a a10731 b a10731 c a10731 d a10731 e a10731 f